000 01737cam a22004694i 4500
003 PE-LiUPU
005 20250731173132.0
008 150623s r 000 0 d
020 _a0895772574
035 _a(Sirsi) i9780895772572
040 _aPE-LiUPU
_bspa
_cPE-LiUPU
_erda
049 _aPRUA
082 0 4 _a232.9
_bR48
_221
245 0 0 _aJesús and his times /
_cKaari Ward, ed.
264 1 _aPleasantville, New York :
_bReader's Digest General Books,
_c1988.
300 _a336 páginas :
_bilustraciones fotos, gráficos ;
_c23 centímetros
336 _atext
_2rdacontent
337 _aunmediated
_2rdamedia
338 _avolume
_2rdacarrier
504 _aIncluye bibliografía.
505 0 _aThe birth of the savior. A troubled land. Classes and masses. Village life. Jerusalem. the holy city. The life of the mind. Trade and travel. Religious conflict. The mission of the messiah. Spread of the gospel.
526 _aSEG42
526 _aSEG41
526 _aSEG40
526 _aSEG39
526 _aP94
526 _aP87
526 _aP86
526 _aP85
526 _aP77
526 _aP76
526 _aP35
600 1 _aJesucristo
630 _aBiblia.
_pN.T.
_pEvangelios
_xHistoria de eventos Contemporáneos.
700 1 _aWard, Kaari,
_eed.
942 _2ddc
_cBOOK
949 _a232.9 R48
_wDEWEY
_c1
_i51854
_lCCODEBUL1
_mBUL
_p20.00
_r0
_sY
_tBOOK
_u2015-6-24
_xTEOLOGIA
_PP35
_0COMPRA
_o.STAFF. Colección General
994 _aC0
_bPEPRU
596 _a1
999 _a232.9 R48
_wDEWEY
_c33613
_i51854
_d33613
_f2021-11-10
_g5
_lCCODEBUL1
_mBUL
_p20.00
_q1
_r0
_sY
_tBOOK
_u2015-6-24
_xTEOLOGIA
_PP35
_0COMPRA
_o.STAFF. Colección General
980 _81
_gALBERTO SANCHEZ Responsable de Automatización